|
|
|
|
| LEADER |
01178nam a2200277 a 4500 |
| 001 |
1066600 |
| 008 |
090407s1990 ii b 001 0 eng d |
| 010 |
|
|
|a 90904155
|
| 020 |
|
|
|a 8170361893 :
|c Rs250.00
|
| 020 |
|
|
|z ISBN (invalid) 0803996441 (U.S.)
|
| 040 |
|
|
|a DLC
|c DLC
|d DLC
|
| 082 |
0 |
0 |
|a 338.1/8
|2 20
|
| 245 |
0 |
0 |
|a Dairy aid and development :
|b India's operation flood /
|c Martin Doornbos ... [et al.].
|
| 260 |
|
|
|a New Delhi ;
|a Newbury Park, Calif. :
|b Sage Publications,
|c 1990.
|
| 300 |
|
|
|a 336 p. ;
|c 22 cm.
|
| 490 |
0 |
|
|a Indo-Dutch studies on development alternatives ;
|v 3
|
| 504 |
|
|
|a Includes bibliographical references (p. [323]-333).
|
| 500 |
|
|
|a Includes index.
|
| 541 |
1 |
|
|e 00007203
|
| 650 |
|
0 |
|a Dairy products industry
|x Government policy
|z India.
|
| 650 |
|
0 |
|a Agricultural subsidies
|z India.
|
| 610 |
2 |
0 |
|a Operation Flood Project (India)
|
| 700 |
1 |
|
|a Doornbos, Martin R.
|
| 852 |
4 |
|
|a Ayesha Abed Library
|j General Shelf.
|
| 999 |
|
|
|c 6222
|d 6222
|
| 952 |
|
|
|0 0
|1 0
|2 ddc
|4 0
|6 338_180000000000000_DAI_1990
|7 0
|9 6250
|a BRACUL
|b BRACUL
|c GEN
|d 2009-12-20
|g 0.00
|l 1
|o 338.18 DAI
|p 3010007203
|r 2019-09-22
|s 2019-09-15
|t 1
|w 2009-12-20
|y BK
|x No price found in the accession register.
|